000 00682 a2200229 4500
020 _a0-02-946194-4
020 _a0-02-946194-4
040 _aLibrary of Congress
_bEnglish
082 _a005.74
082 _a005.74
100 1 _aRicardo, Catherine M.
245 1 0 _aDatabase systems : principles, design, and implementation
_cCatherine M. Ricardo.
260 _aNew York :
_bMacmillan,
_cc1990.
300 _axv, 576 p. :
_bill. ;
_c24 cm.
650 0 _aData base design
650 0 _aData base management
650 0 _aDatabashantering
650 0 _aDatabashanteringssystem
650 0 _aDatabashantering
650 0 _aDatabashanteringssystem
942 _cBK
_k005.74 RIC
_2ddc
999 _c4340
_d4340